00739nam a2200205 i 4500003000900000005001700009007000300026008004100029040003000070082001400100110009000114245006400204264010600268300004500374336002700419337003300446338002800479490002000507520000600527DO-SdBNP20250130142600.0ta110113s19? sp r 000 f spa d aDO-SdBNPbspacBNPHUerda bR426m2221 aRepública Dominicana.bSecretaría de Estado de Educación, Bellas Artes y Cultos10aMis primeros pasos :bespañol y matematica , primer grado 1aSanto Domingo :bSecretaria de Estado de Educación, Bellas Artes y Culto,c[fecha no identificada]. a153 páginas :bilustraciones ;c28 cm. 2rdacontentatextobtxt 2rdamediaasin mediaciónbn 2rdacurrieravolumenbnc aDominicana 2000 a